000 00650nam a2200181Ia 4500
008 090123s9999 xx 000 0 und d
082 _b438
100 _aकलगुटकर हिराकांत
245 _aमाझी बायको माझी मेहुणी
250 _a1
260 _bरायकर सु.ग.
300 _a74
600 _aकलगुटकर हिराकांत
630 _aमाझी बायको माझी मेहुणी
700 _aकलगुटकर हिराकांत
730 _aमाझी बायको माझी मेहुणी
942 _cBOOK
999 _c38526
_d38526